00606nam a22001937a 450000500170000001000110001702000100002803500110003803700160004904000120006508200150007710000180009224500890011026000410019930000320024050000500027265000540032265000360037620170124110113.0 a236231 c00.00 a236231 bCen Lib/Ret aDPLbEN a958.1bSIN aSinghal, D.P. aIndia and Afghanistan 1876-1907 :cby D.P.Singhalba study in diplomatic relations / bUniversity of Queensland Pressc1963 axii,216p. :c22cm(Hb)bill. aIncludes bibliographical references and index aGreat Britain -- Foreign relations -- Afghanistan aEastern question (Central Asia)